Wybrane zagadnienia kierowania gospodarka komunalna

Salvato in:
Dettagli Bibliografici
Altri autori: Krassowski, Ksawery
Natura: Libro
Lingua:polacco
inglese
Pubblicazione: Lódz Wydawnictwo Uniwersytetu Lódzkiego 1990
Edizione:1. wyd.
Serie:Folia Oeconomica 101
Soggetti:
Tags: Aggiungi Tag
Nessun Tag, puoi essere il primo ad aggiungerne!!

MARC

LEADER 00000nam a2200000 4500
001 c014142
005 20230315135023.3
041 0 |a pol 
041 0 |a eng 
044 |a PL 
245 1 0 |a Wybrane zagadnienia kierowania gospodarka komunalna  |c Edit. Ksawery Krassowski 
250 |a 1. wyd. 
264 1 |a Lódz  |b Wydawnictwo Uniwersytetu Lódzkiego  |c 1990 
300 |a 226 s. 
490 1 |a Folia Oeconomica  |v 101 
830 0 |a Folia Oeconomica  |v 101 
610 2 0 |a hospodárstvo komunálne 
610 2 0 |a politika komunálna 
610 2 0 |a telekomunikácie 
610 2 0 |a riadenie 
610 2 0 |a manažment 
610 2 0 |a hospodárstvo miestne 
610 2 0 |a Poľsko 
610 2 0 |a Československo 
700 1 |a Krassowski, Ksawery